000
00275nam a2200121Ia 4500
008
151213s9999 xx 000 0 und d
245
_a
The Dumb Waiter
260
_a
Dhaka
_b
Friends Book Corner
300
_a
6460 p.
650
_a
English
650
_a
English
999
_c
3568
_d
3568